| 000 | 00973cam a2200289 a 4500 | ||
|---|---|---|---|
| 001 | 1566 | ||
| 005 | 20231204092635.0 | ||
| 020 | _a0763609110 (alk. paper) | ||
| 040 |
_aDLC _cDLC _dDLC _beng |
||
| 050 | 0 | 0 |
_aPZ7.D5455 _bTi 2001 |
| 082 | 0 | 0 |
_a813 _221 |
| 100 | 1 | _aDiCamillo, Kate | |
| 245 | 1 | 4 |
_aThe tiger rising / _cKate DiCamillo. |
| 250 | _aFirst Scholastic printing, January 2002 | ||
| 260 |
_aCambridge : _bScholastic, _c2001 |
||
| 300 |
_a116 pages : _c20 cm _billustrations ; |
||
| 505 | _aN | ||
| 520 | _aRob, who passes the time in his rural Florida community by wood carving, is drawn by his spunky but angry friend Sistine into a plan to free a caged tiger. | ||
| 521 |
_a590
_bLexile |
||
| 521 |
_aN
_bRaz-Plus |
||
| 650 | 1 |
_aTiger _vFiction. |
|
| 650 | 1 |
_aAnimals _xTreatment _vFiction. |
|
| 650 | 1 |
_aWood carving _vFiction. |
|
| 650 | 1 |
_aFriendship _vFiction. |
|
| 906 |
_a7 _bcbc _corignew _d1 _eocip _f19 _gy-gencatlg |
||
| 942 |
_2ddc _cBK _n0 |
||
| 999 |
_c1566 _d1566 |
||